Nouveau petit Larousse illustre dicrionnaire encyclopedique (Record no. 370264)

000 -LEADER
fixed length control field 00405cam a22001337a 4500
008 - FIXED-LENGTH DATA ELEMENTS--GENERAL INFORMATION
fixed length control field 180718b1958 xxu||||| |||| 00| 0 eng d
082 ## - DEWEY DECIMAL CLASSIFICATION NUMBER
Classification number A32 FRE/L328
100 ## - MAIN ENTRY--PERSONAL NAME
Personal name Larousse, Pierre
245 ## - TITLE STATEMENT
Title Nouveau petit Larousse illustre dicrionnaire encyclopedique
Statement of responsibility, etc. by Pierre Larousse
260 ## - PUBLICATION, DISTRIBUTION, ETC.
Place of publication, distribution, etc. Paris
Name of publisher, distributor, etc. Librarie Larousse
Date of publication, distribution, etc. 1958
300 ## - PHYSICAL DESCRIPTION
Extent 1791p.
500 ## - GENERAL NOTE
General note 38/6
650 ## - SUBJECT ADDED ENTRY--TOPICAL TERM
Topical term or geographic name entry element French Language - Dictionaries
Holdings
Withdrawn status Lost status Damaged status Not for loan Permanent Location Current Location Date acquired Full call number Barcode Date last seen Price effective from Koha item type
        Indian Institute of Public Administration Indian Institute of Public Administration 1994-06-04 A32 FRE/L328 35535 2018-07-21 2018-07-21 Book

Powered by Koha